| 000 | 00798nam a2200217Ii 4500 | ||
|---|---|---|---|
| 003 | JO-AjNU | ||
| 008 | 230605s9999||||xx |||||||||||||| ||und|| | ||
| 040 |
_aJO-AjNU _bara _erda _cJO-AjNU |
||
| 041 | _aara | ||
| 050 | 1 | 4 | _aPK6415.B3498 2000 |
| 100 | 3 |
_aبكار، يوسف حسين, _eauthor _945401 |
|
| 245 | 0 | 0 | _aنحن وتراث فارس |
| 250 | _aط1 | ||
| 264 | 3 | 1 | _aدمشق: المستشارية الثقافية للجمهورية الإسلامية الإيرانية، 2000 |
| 300 | _a216ص | ||
| 336 |
_atext _btxt _2rdacontent |
||
| 337 |
_aunmediated _bn _2rdamedia |
||
| 338 |
_avolume _bnc _2rdacarrier |
||
| 490 | 0 | _aكتاب الثقافة الإسلامية 1 | |
| 650 | 4 |
_aالأدب العربي - التراث الفارسي - الثقافة الإسلامية _945402 |
|
| 999 |
_aA19677 _c23245 _d23245 |
||